00641nam a2200241Ia 4500008004100000020001500041050000800056050001400064100002500078245005300103245002700156260001800183260002500201260000900226300002000235300001900255300001000274500005100284650001400335650002200349650001700371700001100388171120s9999 xx 000 0 und d a9710868993 a613 bA657 2009 aAquino, Gaudencio V. aEveryone's practical guide to fitness & health / cby Gaudencio V. Aquino aPhilippines : bNational Book Store, c2009 aix, 194 pages : billustration ; c22cm. aIncludes bibliographic reference and appendix. aHealth -- aPhysical fitness. xMiscellanea. aTitle.